Varias dissertaciones academicas / (Record no. 53657)

MARC details
000 -LEADER
campo de control de longitud fija 01950nam a2200349 i 4500
001 - NÚMERO DE CONTROL
campo de control 53657
003 - IDENTIFICADOR DE NÚMERO DE CONTROL
campo de control ES-MaACL
005 - FECHA Y HORA DE LA ÚLTIMA TRANSACCIÓN
campo de control 20250724015102.0
007 - CAMPO FIJO DE DESCRIPCIÓN FÍSICA--INFORMACIÓN GENERAL
campo de control de longitud fija t|
008 - DATOS DE LONGITUD FIJA--INFORMACIÓN GENERAL
campo de control de longitud fija 031107q1764 sp ||||1| spa d
080 ## - NÚMERO DE LA CLASIFICACIÓN DECIMAL UNIVERSAL
Número de la Clasificación Decimal Universal 61(043)"17"
100 1# - ENTRADA PRINCIPAL--NOMBRE DE PERSONA
Nombre de persona Fernández Barea, Manuel.
9 (RLIN) 49501
245 10 - MENCIÓN DEL TÍTULO
Título Varias dissertaciones academicas /
Mención de responsabilidad, etc. de D. Manuel Fernández Barea.
260 ## - PUBLICACIÓN, DISTRIBUCIÓN, ETC.
Lugar de publicación, distribución, etc. Málaga :
Nombre del editor, distribuidor, etc. en la Oficina de Francisco Martínez de Aguilar,
Fecha de publicación, distribución, etc. 1764.
300 ## - DESCRIPCIÓN FÍSICA
Extensión [4], 1-67, [3], 69-114 [i.e. 214], 208-213, [2] p. ;
Dimensiones 4º.
500 ## - NOTA GENERAL
Nota general Fecha de publicación tomada de la licencia de impresión.
500 ## - NOTA GENERAL
Nota general Cada disertación tiene portada propia.
505 8# - NOTA DE CONTENIDO CON FORMATO
Nota de contenido con formato Contiene: Oración pronunciada en la Academia de Ciencias Naturales y Buenas Letras de Málaga en el dia 8 de noviembre de mil setecientos cincuenta y nueve -- Historia interior de la medicina -- Juicio práctico sobre las virtudes medicinales del agua -- Memorias de algunas observaciones sobre las virtudes de el Kermes mineral -- Dissertación sobre la sangría
530 ## - NOTA DISPONIBLE DE FORMULARIO FÍSICO ADICIONAL
Nota de formato físico adicional disponible Disponible en formato digital.
597 ## - NOTA DE DESCRIPCIÓN FÍSICA
NOTA DE DESCRIPCIÓN FÍSICA Sign.: A-Z4, 2A-2D4, 2E3.
597 ## - NOTA DE DESCRIPCIÓN FÍSICA
NOTA DE DESCRIPCIÓN FÍSICA Iniciales grabadas.
597 ## - NOTA DE DESCRIPCIÓN FÍSICA
NOTA DE DESCRIPCIÓN FÍSICA Error de pág., duplica la numeración de las pp. 69-70.
650 14 - PUNTO DE ACCESO ADICIONAL DE MATERIA--TÉRMINO DE MATERIA
Término de materia o nombre geográfico como elemento de entrada Medicina-
Subdivisión de forma Obras anteriores a 1800
9 (RLIN) 14912
740 0# - ENTRADA AGREGADA--TÍTULO RELACIONADO/ANALÍTICO NO CONTROLADO
Título relacionado o analítico no controlado Historia interior de la medicina.
740 0# - ENTRADA AGREGADA--TÍTULO RELACIONADO/ANALÍTICO NO CONTROLADO
Título relacionado o analítico no controlado Juicio práctico sobre las virtudes medicinales del agua.
740 0# - ENTRADA AGREGADA--TÍTULO RELACIONADO/ANALÍTICO NO CONTROLADO
Título relacionado o analítico no controlado Memorias de algunas observaciones sobre las virtudes de el Kermes mineral.
740 0# - ENTRADA AGREGADA--TÍTULO RELACIONADO/ANALÍTICO NO CONTROLADO
Título relacionado o analítico no controlado Dissertacion sobre la sangria.
740 0# - ENTRADA AGREGADA--TÍTULO RELACIONADO/ANALÍTICO NO CONTROLADO
Título relacionado o analítico no controlado Oración pronunciada en la Academia de Ciencias Naturales y Buenas Letras de Málaga, en el día 8 de noviembre de mil setecientos cincuenta y nueve.
852 ## - LOCALIZACIÓN
Ubicación ES-MaACL
Número de control de estantería R-3429(3)
condición física . - Ejemplar falto de portada
856 ## - LOCALIZACIÓN Y ACCESO ELECTRÓNICOS
Identificador Uniforme de Recursos <a href="http://bdh-rd.bne.es/viewer.vm?id=0000125768&page=1 ">http://bdh-rd.bne.es/viewer.vm?id=0000125768&page=1 </a>
Nota pública Biblioteca Digital Hispánica
Holdings
Estatus retirado Estado de pérdida Estado de daño No para préstamo Colección Biblioteca de origen Biblioteca actual Ubicación en estantería Fecha de adquisición Fuente de adquisición Total de préstamos Signatura topográfica completa Código de barras Visto por última vez Precio de reemplazo Tipo de ítem Koha
        Colección digital Biblioteca del Ateneo de Madrid Biblioteca del Ateneo de Madrid Depósito 17/01/2008     R-3429(3) 1056380 23/02/2023 23/02/2023 Libro impreso antiguo